Guess The Anime Opening Song - Statistics

General Stats
  • This quiz has been taken 577 times
  • The average score is 5 of 10
Answer Stats
Anime Song Title % Correct
Tokyo Ghoul opening 1 Unravel
85%
Death Note opening 1 The World
62%
Full Metal Alchemist: Brotherhood opening 1 Again
57%
Hunter X Hunter opening 1 Departure
57%
My Hero Academia opening 2 Peace Sign
53%
Fairy Tail opening 1 Snow Fairy
44%
Sword Art Online opening 1 Crossing Fields
35%
Steins;Gate opening 1 Hacking to the Gate
32%
Parasyte opening 1 Let Me Hear
31%
Attack on Titan opening 1 Crimson Bow and Arrow
6%
No matching quizzes found
Score Distribution
Percent of People with Each Score
Percentile by Number Answered
Your Score History
You have not taken this quiz